<?xml version="1.0" encoding="UTF-8"?>
<collection xmlns="http://www.loc.gov/MARC21/slim">
 <record>
  <leader>00735pamaa2200205   4500</leader>
  <controlfield tag="001">0000019958</controlfield>
  <controlfield tag="005">20060619090000.0</controlfield>
  <datafield tag="020" ind1="0" ind2="0">
   <subfield code="a">1557865094 </subfield>
  </datafield>
  <datafield tag="082" ind1=" " ind2=" ">
   <subfield code="a">658.575 WIL</subfield>
  </datafield>
  <datafield tag="090" ind1="0" ind2="0">
   <subfield code="a">HF5415.15 </subfield>
   <subfield code="b">WIL 1996</subfield>
  </datafield>
  <datafield tag="100" ind1="1" ind2="0">
   <subfield code="a">WILSON </subfield>
  </datafield>
  <datafield tag="245" ind1="1" ind2="0">
   <subfield code="a">Superior product development : </subfield>
   <subfield code="b">managing the process for innovative products  </subfield>
   <subfield code="c">Clement C. Wilson, Michael E. Kennedy and Carmen . Trammell.</subfield>
  </datafield>
  <datafield tag="260" ind1="0" ind2="0">
   <subfield code="a">Oxford: </subfield>
   <subfield code="b">Blackwell Business, </subfield>
   <subfield code="c">1996.</subfield>
  </datafield>
  <datafield tag="300" ind1=" " ind2=" ">
   <subfield code="a">xviii, 254p.: </subfield>
   <subfield code="b">ill.; </subfield>
   <subfield code="c">22cm.</subfield>
  </datafield>
  <datafield tag="500" ind1="0" ind2="0">
   <subfield code="a">A product managment book for engineering and business professionals</subfield>
  </datafield>
  <datafield tag="650" ind1="0" ind2="0">
   <subfield code="a">New products -- </subfield>
   <subfield code="x">Marketing </subfield>
  </datafield>
  <datafield tag="650" ind1="0" ind2="0">
   <subfield code="a">Product management </subfield>
  </datafield>
  <datafield tag="650" ind1="0" ind2="0">
   <subfield code="a">Production management </subfield>
  </datafield>
  <datafield tag="700" ind1="1" ind2="1">
   <subfield code="a">Kennedy, </subfield>
   <subfield code="h">Michael E. </subfield>
  </datafield>
  <datafield tag="700" ind1="1" ind2="1">
   <subfield code="a">Trammell, </subfield>
   <subfield code="h">Carmen J. </subfield>
  </datafield>
 </record>
</collection>
